Fibre-reinforced polymer composites in construction (Record no. 102254)

MARC details
000 -LEADER
fixed length control field 00765cam a2200241 4500
008 - FIXED-LENGTH DATA ELEMENTS--GENERAL INFORMATION
fixed length control field 020731n2002 000 0 eng u
020 ## - INTERNATIONAL STANDARD BOOK NUMBER
International Standard Book Number 0860175642
035 ## - SYSTEM CONTROL NUMBER
System control number (Sirsi) u119110
050 ## - LIBRARY OF CONGRESS CALL NUMBER
Classification number 693.9
100 ## - MAIN ENTRY--PERSONAL NAME
Personal name Cripps, A.
245 ## - TITLE STATEMENT
Title Fibre-reinforced polymer composites in construction
260 ## - PUBLICATION, DISTRIBUTION, ETC.
Place of publication, distribution, etc. London
Name of publisher, distributor, etc. CIRIA
Date of publication, distribution, etc. 2002
300 ## - PHYSICAL DESCRIPTION
Extent 168p.
Other physical details ill
Dimensions 30cm.
350 ## - PRICE (NR) (BK AM CF MU VM SE) [OBSOLETE]
Price 130
490 ## - SERIES STATEMENT
Series statement CIRIA Publication
Volume/sequential designation C564
520 ## - SUMMARY, ETC.
Summary, etc. Report seeking to address why fibre-reinforced polymer (FRP) composites are not used more widely in construction.
650 ## - SUBJECT ADDED ENTRY--TOPICAL TERM
Topical term or geographic name entry element BUILT ENVIRONMENT-BUILDING MATERIALS
650 ## - SUBJECT ADDED ENTRY--TOPICAL TERM
Topical term or geographic name entry element FIBRE REINFORCED POLYMERS
690 ## - LOCAL SUBJECT ADDED ENTRY--TOPICAL TERM (OCLC, RLIN)
Topical term or geographic name as entry element BUILT ENVIRONMENT-BUILDING MATERIALS
700 ## - ADDED ENTRY--PERSONAL NAME
Personal name Harris, B.
700 ## - ADDED ENTRY--PERSONAL NAME
Personal name Ibell, T.
942 ## - ADDED ENTRY ELEMENTS (KOHA)
Suppress in OPAC 0
Holdings
Withdrawn status Lost status Source of classification or shelving scheme Damaged status Not for loan Home library Current library Shelving location Date acquired Total Checkouts Full call number Barcode Date last seen Copy number Price effective from Koha item type
    Dewey Decimal Classification     London London Folio 31/07/2002   F693.9 CRI 30066371 06/08/2019 1 06/08/2019 Book